000
00219nam a22001097a 4500
041
_a
eng
080
_a
80
100
_a
McGeveran, William A.
245
_a
The World Almanac 2002.
650
_a
Reference
999
_c
281159
_d
281159
942
_c
BK